| 000 | 01118cam a22003371 4500 | ||
|---|---|---|---|
| 001 | 1192137 | ||
| 003 | ARRUPE | ||
| 005 | 20151021150117.0 | ||
| 008 | 700901r19681853lauabh b 000 0 eng | ||
| 010 | _a 68013454 //r872 | ||
| 035 | _a(OCoLC)ocm00437829 | ||
| 035 | _a(NNC)1192137 | ||
| 040 |
_aDLC _cDLC _dm.c. _dZCU |
||
| 043 | _an-us-la | ||
| 050 | 0 |
_aE444 _b.N87 |
|
| 082 | _a301.45/22/09763 | ||
| 100 | 1 |
_aNorthup, Solomon, _d1808-1863? _920430 |
|
| 245 | 1 | 0 |
_aTwelve years a slave. _cEdited by Sue Eakin & Joseph Logsdon. |
| 260 |
_aBaton Rouge, _bLouisiana State University Press _c[1968] |
||
| 300 |
_axxxviii, 273 p. _billus., facsim., map. _c23 cm. |
||
| 490 | 1 | _aThe Library of southern civilization | |
| 500 | _aReprint of the 1853 ed. | ||
| 504 | _aBibliographical footnotes. | ||
| 650 | 0 |
_aPlantation life _zLouisiana. _920431 |
|
| 650 | 0 |
_aSlavery in the United States _zLouisiana. _920432 |
|
| 700 | 1 |
_aEakin, Sue L., _eeditor. _920433 |
|
| 700 | 1 |
_aLogsdon, Joseph, _eeditor. _920434 |
|
| 830 | 0 |
_aLibrary of Southern civilization. _920435 |
|
| 942 |
_2lcc _cMONOGRAPH |
||
| 999 |
_c123579 _d123579 |
||